[Event "Prvenstvo Vojvodine u sahu za zene"]
[Site "Zrenjanin"]
[Date "2012.07.08"]
[Round "1.1"]
[White "Stojadinov, Svetlana"]
[Black "Petrovic, Marija"]
[Result "1-0"]
[WhiteElo "1859"]
[BlackElo "2190"]
[PlyCount "127"]

1. e4 d5 2. exd5 Qxd5 3. Nc3 Qd6 4. d4 Nf6 5. Nb5 Qd8 6. c4 c6 7. Nc3 Bf5 8.
Nf3 e6 9. Bf4 Be7 10. Qb3 Qb6 11. Qxb6 axb6 12. h3 h6 13. g4 Bh7 14. Bg2 Nbd7
15. a3 Ne4 16. Nxe4 Bxe4 17. Rd1 Ra4 18. Rc1 O-O 19. Ke2 Bf6 20. Rhd1 Re8 21.
Ke3 Bh7 22. Ne5 Nf8 23. Bg3 Ra5 24. f4 Be7 25. Be1 Ra7 26. Kf2 f6 27. Nf3 Bd6
28. Bd2 Ng6 29. Kg3 Bc7 30. Be3 Raa8 31. h4 e5 32. dxe5 fxe5 33. fxe5 Nxe5 34.
Bf4 Nd3 35. Bxc7 Nxc1 36. Rxc1 Re2 37. b4 Rxa3 38. Bxb6 Be4 39. Rf1 Rc3 40. Bc5
Rxc4 41. Bh1 Rc3 42. Kf4 Bd5 43. g5 Kh7 44. Ne5 g6 45. gxh6 Rh2 46. Bxd5 Rxh4+
47. Kg5 Rh5+ 48. Kf6 cxd5 49. Rd1 Ra3 50. Rxd5 Ra6+ 51. Bd6 Rf5+ 52. Ke7 Kxh6
53. Rb5 b6 54. Ke6 Kh5 55. Rd5 Kh6 56. Nf7+ Kg7 57. Be5+ Kh7 58. Rd8 b5+ 59.
Kd5 Rxe5+ 60. Nxe5 Ra1 61. Kc5 Re1 62. Nxg6 Kxg6 63. Kxb5 Kf6 64. Kb6 {...} 1-0

[Event "Prvenstvo Vojvodine u sahu za zene"]
[Site "Zrenjanin"]
[Date "2012.07.08"]
[Round "1.2"]
[White "Milivojevic, Jelena"]
[Black "Gajcin, Jasmina"]
[Result "1/2-1/2"]
[WhiteElo "2011"]
[BlackElo "1825"]
[PlyCount "58"]

1. d4 d5 2. c4 c6 3. Qc2 Nf6 4. Nf3 g6 5. Bf4 Bg7 6. e3 O-O 7. Bd3 Na6 8. a3
Qa5+ 9. Qd2 Qxd2+ 10. Nbxd2 c5 11. Be5 dxc4 12. Bxc4 cxd4 13. Bxd4 Nc7 14. Rc1
Be6 15. Be2 Rfc8 16. O-O a6 17. e4 Bg4 18. Bb6 Ne6 19. Be3 Nh5 20. e5 Nhf4 21.
Rxc8+ Rxc8 22. Bc4 Bxf3 23. Bxe6 Nxe6 24. Nxf3 f6 25. exf6 exf6 26. Rc1 Rd8 27.
Kf1 f5 28. Rc2 Kf7 29. g3 h6 1/2-1/2

[Event "Prvenstvo Vojvodine u sahu za zene"]
[Site "Zrenjanin"]
[Date "2012.07.08"]
[Round "1.3"]
[White "Milivojevic, Jasmina"]
[Black "Bjeloglav, Milica"]
[Result "1/2-1/2"]
[WhiteElo "1813"]
[BlackElo "1976"]
[PlyCount "70"]

1. e4 c5 2. Nf3 Nc6 3. d4 cxd4 4. Nxd4 Nf6 5. Nc3 e5 6. Ndb5 d6 7. Bg5 a6 8.
Na3 b5 9. Nd5 Be7 10. Nxe7 Nxe7 11. Bd3 d5 12. Bxf6 gxf6 13. exd5 Qxd5 14. Qe2
f5 15. O-O-O Qe6 16. f3 Nc6 17. g4 Nd4 18. Qe3 Bb7 19. gxf5 Nxf5 20. Bxf5 Qxf5
21. Rhe1 O-O 22. Qxe5 Qxe5 23. Rxe5 Bxf3 24. Rd3 Bc6 25. c3 Rfd8 26. Ree3 Rac8
27. Nc2 Rxd3 28. Rxd3 Be4 29. Rd6 Rc6 30. Rxc6 Bxc6 31. Nb4 Bb7 32. Kd2 f5 33.
Ke3 Kf7 34. Kf4 Kf6 35. Nd3 Be4 1/2-1/2

[Event "Prvenstvo Vojvodine u sahu za zene"]
[Site "Zrenjanin"]
[Date "2012.07.08"]
[Round "1.4"]
[White "Tomin, Ksenija"]
[Black "Lalic, Danka"]
[Result "1-0"]
[WhiteElo "1954"]
[BlackElo "1688"]
[PlyCount "77"]

1. e4 d6 2. d4 Nf6 3. Nc3 Nbd7 4. Be3 e5 5. Nf3 Be7 6. h3 O-O 7. Be2 c6 8. O-O
b5 9. a3 Bb7 10. Bg5 a6 11. Qd3 exd4 12. Nxd4 c5 13. Bxf6 Nxf6 14. Nf5 Re8 15.
Rad1 g6 16. Nxe7+ Qxe7 17. Qxd6 Qxd6 18. Rxd6 Nxe4 19. Nxe4 Bxe4 20. Rd2 Re7
21. c4 Bc6 22. cxb5 axb5 23. Rc1 Rae8 24. Bf1 c4 25. Rdd1 Ra7 26. Rd6 Ba8 27.
f4 Rae7 28. Kf2 Rc8 29. b3 Rec7 30. bxc4 bxc4 31. Rc3 Bb7 32. a4 Rc6 33. Rxc6
Rxc6 34. Rxc4 Rxc4 35. Bxc4 Kf8 36. g4 Ke7 37. Ke3 Kd6 38. Kd4 Kc6 39. Bxf7 1-0

[Event "Prvenstvo Vojvodine u sahu za zene"]
[Site "Zrenjanin"]
[Date "2012.07.08"]
[Round "1.5"]
[White "Racic, Teodora"]
[Black "Petrovic, Danijela"]
[Result "1/2-1/2"]
[WhiteElo "1584"]
[BlackElo "1916"]
[PlyCount "76"]

1. d4 d5 2. c4 c6 3. e3 Nf6 4. Nc3 Bf5 5. Nf3 e6 6. Bd2 Be7 7. cxd5 cxd5 8.
Bb5+ Nbd7 9. Rc1 O-O 10. h3 a6 11. Ba4 b5 12. Bb3 Bd6 13. Ne2 Ne4 14. Nc3 Ndf6
15. Bc2 Qe7 16. a3 Rac8 17. Nxe4 Nxe4 18. Ba5 b4 19. Bxe4 Bxe4 20. a4 Bxf3 21.
gxf3 Rxc1 22. Qxc1 e5 23. dxe5 Qxe5 24. Bb6 Qf5 25. f4 Rc8 26. Qd1 Qe4 27. Rg1
b3 28. Rxg7+ Kf8 29. Rg8+ Kxg8 30. Qg4+ Kf8 31. Qxc8+ Kg7 32. Bd4+ f6 33. Qd7+
Be7 34. f3 Qb1+ 35. Kf2 Qc2+ 36. Kg3 Kf8 37. Qxd5 Qg6+ 38. Kf2 Qc2+ 1/2-1/2

[Event "Prvenstvo Vojvodine u sahu za zene"]
[Site "Zrenjanin"]
[Date "2012.07.08"]
[Round "1.6"]
[White "Stanimirovic, Marija"]
[Black "Litricin, Ivana"]
[Result "1-0"]
[WhiteElo "1912"]
[BlackElo "1507"]
[PlyCount "145"]

1. c4 e5 2. Nc3 Nf6 3. Nf3 Nc6 4. g3 d5 5. cxd5 Nxd5 6. d3 Nxc3 7. bxc3 h6 8.
Bg2 Bd6 9. O-O O-O 10. Bd2 Bg4 11. Rb1 Rb8 12. c4 Qd7 13. Bc3 Bh3 14. Qd2 Bxg2
15. Kxg2 Rfe8 16. Rfc1 e4 17. dxe4 Rxe4 18. c5 Qe6 19. cxd6 Rxe2 20. Qd3 Qxa2
21. Rf1 cxd6 22. Qxd6 Rxf2+ 23. Rxf2 Qxb1 24. Qf4 Qg6 25. Nh4 Qe6 26. Nf5 Qd5+
27. Kg1 Qd1+ 28. Rf1 Qb3 29. Bxg7 Qe6 30. Bxh6 Rd8 31. Qg5+ Qg6 32. Qxg6+ fxg6
33. Nh4 Kh7 34. Bf4 Rd5 35. Nf3 Nd8 36. Re1 Nc6 37. Re8 Rd7 38. Rc8 Kg7 39. Rc7
Rxc7 40. Bxc7 b5 41. Ne5 Nd4 42. Nd3 Nb3 43. Kf2 a5 44. Bd6 a4 45. Ke1 Nd4 46.
Kd1 Kh6 47. Kc1 Kh5 48. Nf4+ Kg5 49. Kb2 Kf5 50. Kc3 Nf3 51. h3 g5 52. Ne2 Ke4
53. Bc5 a3 54. Kb3 b4 55. Bxb4 Ke3 56. Nc3 Kf2 57. Ne4+ Kg2 58. Nxg5 Nd4+ 59.
Kc4 Kxg3 60. Kxd4 Kh4 61. Bxa3 Kxg5 62. Be7+ Kh5 63. h4 Kg4 64. Ke5 Kh5 65. Kf5
Kh6 66. Kg4 Kg6 67. h5+ Kh7 68. Kg5 Kg7 69. h6+ Kh7 70. Kh5 Kg8 71. Kg6 Kh8 72.
Bf6+ Kg8 73. h7+ 1-0

[Event "Prvenstvo Vojvodine u sahu za zene"]
[Site "Zrenjanin"]
[Date "2012.07.09"]
[Round "2.1"]
[White "Stojadinov, Svetlana"]
[Black "Tomin, Ksenija"]
[Result "0-1"]
[WhiteElo "1859"]
[BlackElo "1954"]
[PlyCount "128"]

1. e4 c5 2. Nf3 e6 3. d4 cxd4 4. Nxd4 a6 5. Bd3 Bc5 6. Nb3 Be7 7. Be3 d6 8. Nc3
Nf6 9. a3 b6 10. O-O Bb7 11. f4 Nbd7 12. Qe2 O-O 13. h3 h6 14. f5 e5 15. Qf2 d5
16. exd5 Nxd5 17. Nxd5 Bxd5 18. c4 Bb7 19. Rad1 Qc7 20. Qg3 Qc6 21. Rf2 Qf6 22.
Bc2 Rfd8 23. Rfd2 Bc6 24. Nc1 Bc5 25. Bxc5 Nxc5 26. Qe3 Rxd2 27. Rxd2 Rd8 28.
Rxd8+ Qxd8 29. b4 Nd7 30. Nd3 Qf6 31. Nf2 Qd6 32. Ne4 Qd4 33. Qxd4 exd4 34. Kf2
Ne5 35. c5 d3 36. Bd1 Bxe4 37. Ke3 Bxg2 38. Kd4 Nd7 39. cxb6 Nxb6 40. Kxd3 Bxh3
41. Ke4 Nc4 42. Be2 Nxa3 43. Bxa6 Bg2+ 44. Kf4 Bc6 45. Bd3 Nb5 46. Ke5 Kf8 47.
Bc4 Ke7 48. Bd3 h5 49. Bc4 Nd6 50. Bd3 Bb5 51. Bc2 Nc4+ 52. Kf4 Kf6 53. Bd1 g6
54. fxg6 fxg6 55. Kg3 Ne3 56. Bf3 Nc2 57. Kh4 Be8 58. b5 g5+ 59. Kg3 h4+ 60.
Kf2 Bxb5 61. Bg4 Ke5 62. Bd1 Bd3 63. Bf3 Kf5 64. Kg2 Ne3+ 0-1

[Event "Prvenstvo Vojvodine u sahu za zene"]
[Site "Zrenjanin"]
[Date "2012.07.09"]
[Round "2.3"]
[White "Djuric, Olgica"]
[Black "Milivojevic, Jelena"]
[Result "1/2-1/2"]
[WhiteElo "1890"]
[BlackElo "2011"]
[PlyCount "112"]

1. d4 Nf6 2. c4 d6 3. Nf3 c6 4. Nc3 Nbd7 5. e4 g6 6. Be2 Bg7 7. O-O O-O 8. Rb1
a5 9. b3 Re8 10. Qc2 Qc7 11. Rd1 e5 12. Ba3 exd4 13. Nxd4 Nc5 14. f3 Nh5 15.
Qd2 Bf8 16. Nc2 Qe7 17. Ne1 Be6 18. Nd3 Nxd3 19. Qxd3 Qg5 20. Bc1 Nf4 21. g3
Qc5+ 22. Qe3 Qxe3+ 23. Bxe3 Nh5 24. Kf2 f5 25. Rd2 Nf6 26. exf5 Bxf5 27. Rbd1
Be6 28. Bg5 Nd7 29. Bf4 Bg7 30. Ne4 d5 31. Nd6 Reb8 32. cxd5 Bxd5 33. Nc4 Rf8
34. Ne3 Nf6 35. Nc4 h6 36. Nb6 Rae8 37. Nxd5 Nxd5 38. Bc4 g5 39. Bc7 Kh8 40.
Bxd5 cxd5 41. Rxd5 a4 42. bxa4 Re6 43. Rd8 Kh7 44. a5 Rc6 45. Rxf8 Bxf8 46.
Rd7+ Kg6 47. h4 Rc2+ 48. Ke3 Rxa2 49. hxg5 hxg5 50. Bb6 Bb4 51. Rxb7 Bxa5 52.
Bxa5 Rxa5 53. Rb3 Re5+ 54. Kd4 Re8 55. f4 gxf4 56. gxf4 Kf5 1/2-1/2

[Event "Prvenstvo Vojvodine u sahu za zene"]
[Site "Zrenjanin"]
[Date "2012.07.09"]
[Round "2.3"]
[White "Bjeloglav, Milica"]
[Black "Racic, Teodora"]
[Result "1-0"]
[WhiteElo "1976"]
[BlackElo "1584"]
[PlyCount "47"]

1. e4 e5 2. Nf3 Nc6 3. Bb5 Nf6 4. O-O Be7 5. Nc3 O-O 6. Bxc6 dxc6 7. Nxe5 Nxe4
8. Nxe4 Qd5 9. Nxc6 Qxc6 10. d3 f5 11. Nc3 f4 12. f3 Qg6 13. Qe2 Bh3 14. Kh1
Bc5 15. gxh3 Rf5 16. Ne4 Re8 17. Qg2 Qh6 18. Qg4 Ree5 19. Bd2 c6 20. Bc3 Rd5
21. Nxc5 Rxc5 22. Rae1 Rf8 23. Rg1 g6 24. Re7 1-0

[Event "Prvenstvo Vojvodine u sahu za zene"]
[Site "Zrenjanin"]
[Date "2012.07.09"]
[Round "2.5"]
[White "Petrovic, Danijela"]
[Black "Milivojevic, Jasmina"]
[Result "1-0"]
[WhiteElo "1916"]
[BlackElo "1813"]
[PlyCount "61"]

1. e4 c5 2. Nc3 e6 3. f4 a6 4. Nf3 Nc6 5. Be2 d5 6. exd5 exd5 7. d3 Nf6 8. O-O
Bd6 9. b3 O-O 10. Nd2 Re8 11. Kh1 Nd4 12. Nf3 Nxe2 13. Nxe2 Bd7 14. Ng3 Qc7 15.
d4 b6 16. Ne5 Bc8 17. Bb2 Bb7 18. Nf5 Bf8 19. Rc1 g6 20. Nh4 Nd7 21. f5 Nxe5
22. dxe5 Rxe5 23. Bxe5 Qxe5 24. fxg6 fxg6 25. Qe1 Qd6 26. Qf2 Qc7 27. Qf6 Bg7
28. Qe6+ Kh8 29. Rf7 Qd8 30. Nxg6+ hxg6 31. Qxg6 1-0

[Event "Prvenstvo Vojvodine u sahu za zene"]
[Site "Zrenjanin"]
[Date "2012.07.09"]
[Round "2.7"]
[White "Petrovic, Marija"]
[Black "Lalic, Danka"]
[Result "1-0"]
[WhiteElo "2190"]
[BlackElo "1688"]
[PlyCount "59"]

1. d4 d5 2. Nf3 e6 3. Bf4 c5 4. c3 Nc6 5. e3 Bd6 6. Bg3 Nf6 7. Nbd2 O-O 8. Bd3
Qe7 9. Ne5 Qc7 10. f4 a6 11. a4 Nd7 12. O-O f5 13. Bh4 Nf6 14. Bxf6 Rxf6 15.
Ndf3 c4 16. Bc2 Bd7 17. g4 Be8 18. Nh4 Rh6 19. Ng2 Bxe5 20. fxe5 fxg4 21. Qxg4
Qe7 22. Rf2 Bg6 23. Bxg6 Rxg6 24. Qf4 Na5 25. Raf1 Nb3 26. Kh1 Rh6 27. e4 Rb8
28. exd5 exd5 29. e6 Re8 30. Qf7+ 1-0

[Event "Prvenstvo Vojvodine u sahu za zene"]
[Site "Zrenjanin"]
[Date "2012.07.10"]
[Round "3.1"]
[White "Tomin, Ksenija"]
[Black "Stanimirovic, Marija"]
[Result "1-0"]
[WhiteElo "1954"]
[BlackElo "1912"]
[PlyCount "63"]

1. e4 c5 2. Nf3 Nc6 3. c3 g6 4. d4 cxd4 5. cxd4 Bg7 6. Nc3 d6 7. h3 Nf6 8. Be2
O-O 9. O-O Bd7 10. Be3 a6 11. Qd2 Rc8 12. Rac1 Na5 13. e5 Ne8 14. Ne4 Nc6 15.
exd6 Nxd6 16. Nxd6 exd6 17. d5 Ne5 18. Nd4 Be8 19. Bg5 f6 20. Ne6 Qd7 21. Rxc8
Qxc8 22. Rc1 Qb8 23. Nxf8 Kxf8 24. Be3 b5 25. Qb4 Qd8 26. Qd4 Nd7 27. Qa7 f5
28. Qxa6 Bxb2 29. Rc8 Qe7 30. Bxb5 Be5 31. Qb7 Nf6 32. Bh6+ 1-0

[Event "Prvenstvo Vojvodine u sahu za zene"]
[Site "Zrenjanin"]
[Date "2012.07.10"]
[Round "3.2"]
[White "Petrovic, Danijela"]
[Black "Bjeloglav, Milica"]
[Result "0-1"]
[WhiteElo "1916"]
[BlackElo "1976"]
[PlyCount "59"]

1. e4 c5 2. Nc3 Nc6 3. f4 d6 4. Nf3 g6 5. Bc4 Bg7 6. d3 e6 7. O-O Nge7 8. a3
O-O 9. Qe1 Nd4 10. Nxd4 cxd4 11. Ne2 d5 12. exd5 Nxd5 13. Ng3 a6 14. b4 b6 15.
Bxd5 Qxd5 16. Bb2 Bb7 17. Qe2 Rac8 18. Ne4 Rc7 19. Rfc1 e5 20. c4 dxc3 21. Bxc3
Rfc8 22. Bb2 exf4 23. Rxc7 Bd4+ 24. Kh1 Rxc7 25. Nf6+ Bxf6 26. Bxf6 Qe6 27.
Qxe6 fxe6 28. Be5 Rc2 29. Kg1 Rxg2+ 30. Kf1 0-1

[Event "Prvenstvo Vojvodine u sahu za zene"]
[Site "Zrenjanin"]
[Date "2012.07.10"]
[Round "3.3"]
[White "Petrovic, Marija"]
[Black "Gajcin, Jasmina"]
[Result "1-0"]
[WhiteElo "2190"]
[BlackElo "1825"]
[PlyCount "71"]

1. d4 d5 2. Nf3 Nf6 3. c3 g6 4. Bg5 Bg7 5. Nbd2 O-O 6. e3 Nbd7 7. a4 c5 8. b4
Ne4 9. Nxe4 dxe4 10. Nd2 cxb4 11. cxb4 h6 12. Bh4 g5 13. Bg3 Nf6 14. Be2 Qb6
15. Qb3 Be6 16. Qb2 Rac8 17. O-O a5 18. b5 Bd5 19. Rfc1 Nd7 20. Rc2 Qe6 21.
Rac1 Nb6 22. Qa3 Rxc2 23. Rxc2 Rc8 24. Rc7 f5 25. h3 f4 26. Bg4 Qf7 27. Bxc8
fxg3 28. fxg3 Bf8 29. Bxb7 e6 30. Qc1 Qf6 31. Bxd5 Nxd5 32. Rc8 Nxe3 33. Qc5
Kg7 34. Rxf8 Qxf8 35. Qxf8+ Kxf8 36. b6 1-0

[Event "Prvenstvo Vojvodine u sahu za zene"]
[Site "Zrenjanin"]
[Date "2012.07.10"]
[Round "2.5"]
[White "Litricin, Ivana"]
[Black "Djuric, Olgica"]
[Result "0-1"]
[WhiteElo "1507"]
[BlackElo "1890"]
[PlyCount "32"]

1. Nf3 c5 2. c4 Nf6 3. Nc3 g6 4. g3 Bg7 5. Bg2 O-O 6. O-O Nc6 7. e3 d6 8. d4
Bg4 9. dxc5 dxc5 10. Qb3 Rb8 11. Na4 Na5 12. Qb5 Bd7 13. Qxc5 Bxa4 14. Qxa7 Nd7
15. e4 b6 16. Bf4 e5 0-1

[Event "Prvenstvo Vojvodine u sahu za zene"]
[Site "Zrenjanin"]
[Date "2012.07.10"]
[Round "3.6"]
[White "Milivojevic, Jasmina"]
[Black "Stojadinov, Svetlana"]
[Result "1-0"]
[WhiteElo "1813"]
[BlackElo "1859"]
[PlyCount "93"]

1. d4 d5 2. Nf3 Nf6 3. e3 e6 4. c4 Be7 5. b3 O-O 6. Bd3 b6 7. O-O Bb7 8. Nbd2
c5 9. Bb2 Nc6 10. Rc1 Rc8 11. Qe2 cxd4 12. exd4 Nb4 13. Bb1 dxc4 14. bxc4 Ba6
15. Rfd1 Nbd5 16. g3 Bb4 17. Nb3 Ne7 18. Qd3 Ng6 19. h4 Qe7 20. Rc2 Ba3 21. Ba1
Nd5 22. Qe2 Qb4 23. h5 Nge7 24. Qd3 Nf6 25. Nbd2 Rc7 26. Rc3 Ned5 27. Rb3 Qa4
28. Ng5 g6 29. hxg6 hxg6 30. Bc2 Bb4 31. Rb2 Qd7 32. Bb3 Bc3 33. Rbb1 Bxa1 34.
Rxa1 Nb4 35. Qc3 Qe7 36. a3 Nc6 37. Re1 Rd8 38. d5 Nxd5 39. cxd5 Qxg5 40. dxc6
Rxd2 41. Rxe6 fxe6 42. Bxe6+ Kf8 43. Re1 Re2 44. Rd1 Qe5 45. Qf3+ Ke8 46. Rd8+
Ke7 47. Qf7+ 1-0

[Event "Prvenstvo Vojvodine u sahu za zene"]
[Site "Zrenjanin"]
[Date "2012.07.10"]
[Round "4.1"]
[White "Bjeloglav, Milica"]
[Black "Tomin, Ksenija"]
[Result "1/2-1/2"]
[WhiteElo "1976"]
[BlackElo "1954"]
[PlyCount "96"]

1. e4 c5 2. Nc3 Nc6 3. g3 g6 4. Bg2 Bg7 5. d3 d6 6. f4 e6 7. Nf3 Nge7 8. O-O
O-O 9. Be3 Nd4 10. e5 Nef5 11. Bf2 Bd7 12. exd6 Nxd6 13. Ne5 Be8 14. Ne4 Nxe4
15. Bxe4 Qc7 16. c3 Nf5 17. g4 Nd6 18. Bg2 Rd8 19. Qe2 b6 20. Bg3 Bb5 21. Rad1
Qc8 22. Bh4 f6 23. Nf3 Rde8 24. Bg3 e5 25. fxe5 Qxg4 26. c4 Bc6 27. d4 fxe5 28.
dxe5 Qxc4 29. Qe1 Nf5 30. Nd2 Qe6 31. Bxc6 Qxc6 32. Nc4 Nd4 33. Nd6 Rxf1+ 34.
Qxf1 Nf3+ 35. Kf2 Rf8 36. Qc4+ Kh8 37. Nf7+ Rxf7 38. Qxf7 Nd4 39. Bh4 Qb5 40.
Rd2 Qc6 41. Be7 h5 42. Qf4 Kh7 43. Qf7 Kh8 44. Qf4 Kh7 45. Bg5 Qe6 46. Bf6 Bh6
47. Bg5 Bg7 48. Bf6 Bh6 1/2-1/2

[Event "Prvenstvo Vojvodine u sahu za zene"]
[Site "Zrenjanin"]
[Date "2012.07.10"]
[Round "4.2"]
[White "Djuric, Olgica"]
[Black "Petrovic, Marija"]
[Result "0-1"]
[WhiteElo "1890"]
[BlackElo "2190"]
[PlyCount "42"]

1. d4 g6 2. Nf3 Bg7 3. c4 d6 4. Nc3 Bg4 5. h3 Bxf3 6. exf3 c6 7. Rb1 Nf6 8. Be3
O-O 9. Be2 d5 10. O-O Nbd7 11. c5 e5 12. b4 a6 13. a4 Nh5 14. b5 axb5 15. axb5
Qf6 16. bxc6 bxc6 17. Rb7 exd4 18. Rxd7 dxe3 19. Nxd5 cxd5 20. Bb5 exf2+ 21.
Rxf2 Ra1 0-1

[Event "Prvenstvo Vojvodine u sahu za zene"]
[Site "Zrenjanin"]
[Date "2012.07.10"]
[Round "4.3"]
[White "Stanimirovic, Marija"]
[Black "Milivojevic, Jelena"]
[Result "0-1"]
[WhiteElo "1912"]
[BlackElo "2011"]
[PlyCount "80"]

1. c4 c5 2. Nc3 Nc6 3. Nf3 g6 4. g3 Bg7 5. Bg2 d6 6. O-O e6 7. d3 Nge7 8. Bd2
a6 9. a3 Rb8 10. Rb1 b5 11. cxb5 axb5 12. b4 cxb4 13. axb4 d5 14. Qb3 O-O 15.
Rfc1 Qb6 16. Rc2 Nf5 17. Ra2 Rd8 18. g4 Nfe7 19. Rba1 e5 20. h3 d4 21. Ng5 dxc3
22. Nxf7 Rf8 23. Be3 Nd4 24. Bxd4 exd4 25. Nh6+ Kh8 26. Nf7+ Rxf7 27. Qxf7 Qf6
28. Qxf6 Bxf6 29. e3 Kg8 30. Rc2 Be6 31. Ra6 Kf7 32. Ra3 Rd8 33. Be4 Bd5 34.
exd4 Bxe4 35. dxe4 Rxd4 36. Rb3 Rxe4 37. Kf1 Nd5 38. Re2 Rxb4 39. Ra3 Rb1+ 40.
Kg2 Nf4+ 0-1

[Event "Prvenstvo Vojvodine za zene 2012."]
[Site "Zrenjanin"]
[Date "2012.07.14"]
[Round "9.3"]
[White "Stojadinov, Svetlana"]
[Black "Petrovic, Danijela"]
[Result "1-0"]
[WhiteElo "1859"]
[BlackElo "1916"]
[PlyCount "85"]
[EventDate "2012.07.14"]
[EventRounds "9"]

1. e4 e5 2. Nf3 Nc6 3. Bc4 Nf6 4. Ng5 d5 5. exd5 Na5 6. Bb5+ c6 7. dxc6 bxc6 8.
Bd3 Ng4 9. Ne4 f5 10. Be2 Qd4 11. d3 fxe4 12. Bxg4 e3 13. f3 Bxg4 14. fxg4 e4
15. dxe4 Qxe4 16. Qf3 Qxc2 17. Qxe3+ Kd7 18. Qd2+ Qxd2+ 19. Bxd2 Nc4 20. b3 Ne5
21. h3 Re8 22. O-O Bc5+ 23. Kh1 Re7 24. Nc3 h6 25. Bf4 Ng6 26. Rad1+ Kc8 27.
Bd6 Re3 28. Bxc5 Rxc3 29. Bxa7 Rc2 30. Rf2 Rxf2 31. Bxf2 Nf4 32. Bg3 Nd5 33.
Re1 Kd7 34. a4 Kc8 35. Kg1 Rd8 36. Re6 Nb4 37. Be1 Rd1 38. Kh2 Kd7 39. Re4 Nd5
40. a5 c5 41. Bf2 Ra1 42. Bxc5 Rxa5 43. Bf8 1-0

[Event "Prvenstvo Vojvodine u sahu za zene"]
[Site "Zrenjanin"]
[Date "2012.07.10"]
[Round "4.5"]
[White "Lalic, Danka"]
[Black "Milivojevic, Jasmina"]
[Result "1/2-1/2"]
[WhiteElo "1688"]
[BlackElo "1813"]
[PlyCount "91"]

1. e4 c5 2. d4 cxd4 3. c3 dxc3 4. Nxc3 Nc6 5. Bc4 e6 6. Nf3 Qc7 7. O-O a6 8.
Qe2 Nge7 9. Rd1 Ng6 10. Nd5 exd5 11. exd5+ Be7 12. d6 Qd8 13. dxe7 Qxe7 14. Be3
O-O 15. Qc2 d6 16. Rac1 Be6 17. Be2 Rac8 18. Qd2 Rfd8 19. Bb6 Rd7 20. b4 Qf8
21. a4 Nce5 22. Nd4 Ne7 23. b5 Rxc1 24. Rxc1 Nc8 25. Ba5 b6 26. Bb4 a5 27. Ba3
Ne7 28. Qc2 Qd8 29. f4 Ng4 30. Nxe6 fxe6 31. Bxg4 Kf7 32. Qe4 Nf5 33. Bxf5 exf5
34. Qxf5+ Kg8 35. Qd5+ Kh8 36. Rd1 Qe8 37. Bxd6 Qe3+ 38. Kh1 Rd8 39. Qe5 Qb3
40. Re1 h6 41. Qe7 Rg8 42. Qe4 Rd8 43. Rc1 Qb2 44. Rd1 Rxd6 45. Qe8+ Kh7 46.
Qe4+ 1/2-1/2

[Event "Prvenstvo Vojvodine u sahu za zene"]
[Site "Zrenjanin"]
[Date "2012.07.11"]
[Round "5.1"]
[White "Tomin, Ksenija"]
[Black "Milivojevic, Jelena"]
[Result "0-1"]
[WhiteElo "1954"]
[BlackElo "2011"]
[PlyCount "94"]

1. e4 e6 2. d4 d5 3. Nd2 Be7 4. Ngf3 c5 5. c3 Nf6 6. e5 Nfd7 7. Bd3 Nc6 8. Bc2
b6 9. O-O g5 10. Ba4 Bb7 11. Kh1 h5 12. Nb1 g4 13. Ng1 Bg5 14. f4 Bh6 15. Na3
a6 16. Bc2 Qe7 17. Ne2 O-O-O 18. c4 Nxd4 19. Nxd4 cxd4 20. cxd5 Bxd5 21. Qxd4
Qc5 22. Qd3 Kb7 23. Qe2 h4 24. Be4 h3 25. Nc4 Bf8 26. Rd1 f5 27. Be3 hxg2+ 28.
Kg1 Qc6 29. Bxb6 Bc5+ 30. Bxc5 Qxc5+ 31. Qf2 Qxf2+ 32. Kxf2 Bxe4 33. Nd6+ Ka7
34. Nf7 Bd5 35. Rac1 Kb6 36. a4 a5 37. Rd4 Rdf8 38. Nxh8 Rxh8 39. b4 Rxh2 40.
b5 Rh1 41. Rg1 Nc5 42. Rxg2 Bxg2 43. Kxg2 Rh6 44. Rd6+ Kb7 45. Rd4 Rh7 46. Rc4
Kb6 47. Rd4 Rd7 0-1

[Event "Prvenstvo Vojvodine u sahu za zene"]
[Site "Zrenjanin"]
[Date "2012.07.11"]
[Round "5.2"]
[White "Petrovic, Marija"]
[Black "Bjeloglav, Milica"]
[Result "1-0"]
[WhiteElo "2190"]
[BlackElo "1976"]
[PlyCount "79"]

1. d4 Nf6 2. Nf3 c5 3. e3 b6 4. c4 e6 5. Nc3 Bb7 6. Be2 Be7 7. O-O O-O 8. d5
exd5 9. cxd5 d6 10. e4 Re8 11. Re1 Bf8 12. Bb5 Nfd7 13. a4 Na6 14. Bf4 Nc7 15.
Bf1 a6 16. Bg3 Ne5 17. Nd2 Rb8 18. f4 Ng6 19. Nc4 b5 20. axb5 axb5 21. Nd2 Ba8
22. Nf3 b4 23. Nb1 Nb5 24. Nbd2 Qd7 25. Qa4 Qb7 26. f5 Ne5 27. Nxe5 dxe5 28.
Qxb5 Qxb5 29. Bxb5 Rxb5 30. Bxe5 Bb7 31. Bf4 Rd8 32. b3 Be7 33. Nc4 g5 34. Bc7
Rc8 35. d6 Bd8 36. Bxd8 Rxd8 37. Ra7 Kf8 38. e5 Bd5 39. e6 fxe6 40. fxe6 1-0

[Event "Prvenstvo Vojvodine u sahu za zene"]
[Site "Zrenjanin"]
[Date "2012.07.11"]
[Round "5.3"]
[White "Petrovic, Danijela"]
[Black "Stanimirovic, Marija"]
[Result "1-0"]
[WhiteElo "1916"]
[BlackElo "1912"]
[PlyCount "119"]

1. e4 c5 2. Nf3 Nc6 3. d4 cxd4 4. Nxd4 Nf6 5. Nc3 e5 6. Ndb5 d6 7. Bg5 a6 8.
Na3 b5 9. Bxf6 gxf6 10. Nd5 Bg7 11. g3 O-O 12. Qh5 Be6 13. Bd3 Rc8 14. O-O Na5
15. c3 Nc4 16. Nxc4 bxc4 17. Bc2 Rb8 18. b3 h6 19. b4 f5 20. Ne3 fxe4 21. Bxe4
Qg5 22. Qe2 f5 23. h4 Qe7 24. Bg2 Rbc8 25. a3 f4 26. Nd5 Qf7 27. Rad1 Kh8 28.
Nb6 Rcd8 29. Bd5 f3 30. Qe3 Bxd5 31. Nxd5 Qf5 32. Kh2 e4 33. Rfe1 Rfe8 34. a4
h5 35. Nc7 Re7 36. Nxa6 Qe5 37. Rd4 d5 38. Nc5 Qc7 39. Rd2 Rd6 40. Ra2 Bh6 41.
Qd4+ Bg7 42. Qd2 Bh6 43. Qd1 Rf7 44. a5 e3 45. Qd4+ Bg7 46. Qxe3 Bh6 47. Qe5+
Rdf6 48. a6 Qa7 49. Qxd5 Bf8 50. Qxh5+ Kg7 51. Re5 Rh6 52. Ne6+ Kh8 53. Qg4 Bd6
54. Rh5 Bxg3+ 55. Kxg3 Rxh5 56. Qxh5+ Kg8 57. Qg5+ Kh8 58. Qd8+ Kh7 59. Ng5+
Kg7 60. Nxf7 1-0

[Event "Prvenstvo Vojvodine u sahu za zene"]
[Site "Zrenjanin"]
[Date "2012.07.11"]
[Round "5.4"]
[White "Milivojevic, Jasmina"]
[Black "Djuric, Olgica"]
[Result "1/2-1/2"]
[WhiteElo "1813"]
[BlackElo "1890"]
[PlyCount "71"]

1. d4 Nf6 2. c4 d5 3. e3 g6 4. Nf3 Bg7 5. b3 O-O 6. Bb2 c5 7. Be2 Nc6 8. O-O
Ne4 9. Nc3 Nxc3 10. Bxc3 Bg4 11. Ne5 Bxe2 12. Qxe2 Nxe5 13. dxe5 dxc4 14. Qxc4
Qc7 15. Qe4 Rad8 16. Rfd1 b6 17. g3 Rd7 18. Kf1 Rfd8 19. Ke2 Qc8 20. Ke1 e6 21.
Rac1 Rd5 22. f4 Qc6 23. Rxd5 Qxd5 24. Qxd5 Rxd5 25. Rd1 Rxd1+ 26. Kxd1 Kf8 27.
Kd2 Ke8 28. Kd3 Kd7 29. g4 Kc6 30. e4 Bh6 31. Bd2 a6 32. a4 b5 33. axb5+ axb5
34. Kc3 Bg7 35. Kd3 Bh6 36. Kc3 1/2-1/2

[Event "Prvenstvo Vojvodine u sahu za zene"]
[Site "Zrenjanin"]
[Date "2012.07.11"]
[Round "5.5"]
[White "Stojadinov, Svetlana"]
[Black "Racic, Teodora"]
[Result "1-0"]
[WhiteElo "1859"]
[BlackElo "1584"]
[PlyCount "131"]

1. e4 e5 2. Nf3 d6 3. Bc4 Nc6 4. c3 Be6 5. Bb3 Bxb3 6. Qxb3 Rb8 7. d4 h6 8.
Nbd2 exd4 9. cxd4 Nf6 10. d5 Ne5 11. Nxe5 dxe5 12. Qa4+ Nd7 13. Qxa7 Nc5 14.
Qa5 Nd3+ 15. Kf1 Qd7 16. Qc3 Qb5 17. Qc4 Qxc4 18. Nxc4 Bc5 19. Be3 Bxe3 20.
Nxe3 Nxb2 21. Ke2 Na4 22. Rhc1 Kd7 23. Rab1 b6 24. Nf5 Nc5 25. f3 Ra8 26. Rc2
Ra7 27. d6 g6 28. Ne3 Kxd6 29. Rd1+ Ke7 30. Nc4 f6 31. Ne3 c6 32. Rb1 Nd7 33.
Rbb2 c5 34. Nd5+ Ke6 35. Nxb6 Rb8 36. Nxd7 Rxb2 37. Nxc5+ Kd6 38. Rxb2 Kxc5 39.
Rc2+ Kd4 40. Rd2+ Kc3 41. Ke3 Ra6 42. g3 h5 43. f4 exf4+ 44. gxf4 f5 45. e5 Kc4
46. Rd4+ Kc5 47. a4 Rb6 48. a5 Ra6 49. Ra4 Kd5 50. h4 Kc5 51. Kd3 Kb5 52. Ra1
Kc5 53. Kc3 Kb5 54. Kb3 Kc5 55. Ka4 Kc6 56. Rc1+ Kb7 57. Kb5 Re6 58. Rd1 g5 59.
hxg5 Re7 60. Rh1 h4 61. Rxh4 Kc7 62. a6 Kb8 63. Rh8+ Ka7 64. g6 Rg7 65. Rh7
Rxh7 66. gxh7 1-0